LEADER 02708nam2 22006013i 450 001 VAN00295970 005 20260130094450.197 017 70$2N$a9783642770302 100 $a20250704d1996 |0itac50 ba 101 $aeng 102 $aDE 105 $a|||| ||||| 181 $ai$b e 182 $ab 183 $acr 200 1 $aˆ2: ‰Compactness, Homologies of General Spaces$fA. V. Arhangel'skii (ed.) 210 $aBerlin$cSpringer$d1996 215 $a256 p.$d24 cm 300 $aTraduzione dal russo di J. M. Lysko 410 1$1001VAN00024175$12001 $aEncyclopaedia of mathematical sciences$feditor in chief: R. V. Gamkrelidze$1210 $aBerlin [etc.]$cSpringer$v50 461 1$1001VAN00286854$12001 $aGeneral topology$fA. V. Arhangel'skii (ed.)$1210 $aBerlin$cSpringer$d1990-1996$1215 $a3 volumi$d24 cm$v2 500 1$3VAN00295965$aObshchaya topologiya 2$94402647 606 $a54Dxx$xFairly general properties of topological spaces [MSC 2020]$3VANC024198$2MF 606 $a55Nxx$xHomology and cohomology theories in algebraic topology [MSC 2020]$3VANC024062$2MF 610 $aAlgebraic structures$9KW:K 610 $aBoolean algebra$9KW:K 610 $aCardinal invariant$9KW:K 610 $aCohomology$9KW:K 610 $aCohomology theory$9KW:K 610 $aCompact spaces$9KW:K 610 $aFixed Point Theorem$9KW:K 610 $aGeneral topology$9KW:K 610 $aHomology$9KW:K 610 $aSeparation axiom$9KW:K 610 $aSheaf theory$9KW:K 610 $aTopological groups$9KW:K 610 $aTopology$9KW:K 620 $dBerlin$3VANL000066 702 1$aArkhangelskii$bAlexander V.$3VANV040634$4340 712 $aSpringer $3VANV108073$4650 790 1$aArhangel'skii, Aalexander V.$zArkhangelskii, Alexander V.$3VANV040635 790 1$aArkhangel?ski?, Aleksandr Vladimirovich$zArkhangelskii, Alexander V.$3VANV259480 790 1$aArkhangelskii, Aleksandr Vladimirovich$zArkhangelskii, Alexander V.$3VANV259481 790 1$aArkhangelskii, A. V.$zArkhangelskii, Alexander V.$3VANV259482 790 1$aArkhangelskii, A.V.$zArkhangelskii, Alexander V.$3VANV259483 801 $aIT$bSOL$c20260320$gRICA 856 4 $uhttps://doi.org/10.1007/978-3-642-77030-2$zE-book ? Accesso al full-text attraverso riconoscimento IP di Ateneo, proxy e/o Shibboleth 899 $aBIBLIOTECA DEL DIPARTIMENTO DI MATEMATICA E FISICA$1IT-CE0120$2VAN08 912 $fN 912 $aVAN00295970 950 $aBIBLIOTECA DEL DIPARTIMENTO DI MATEMATICA E FISICA$d08DLOAD e-Book 12075 $e08eMF12075 20250731 996 $aObshchaya topologiya 2$94402647 997 $aUNICAMPANIA